|
|
|
|
| LEADER |
01597nam a2200433 a 4500 |
| 001 |
EBC534268 |
| 003 |
MiAaPQ |
| 005 |
20200520144314.0 |
| 006 |
m o d | |
| 007 |
cr cn||||||||| |
| 008 |
000321s2001 paua sb 001 0 eng |
| 010 |
|
|
|z 00036423
|
| 020 |
|
|
|z 156639807X (cl. : alk. paper)
|
| 020 |
|
|
|z 1566398088 (pbk.)
|
| 020 |
|
|
|z 9781566398077
|
| 020 |
|
|
|a 9781439903483 (electronic bk.)
|
| 035 |
|
|
|a (MiAaPQ)EBC534268
|
| 035 |
|
|
|a (Au-PeEL)EBL534268
|
| 035 |
|
|
|a (CaPaEBR)ebr10386177
|
| 035 |
|
|
|a (CaONFJC)MIL256815
|
| 035 |
|
|
|a (OCoLC)630115864
|
| 040 |
|
|
|a MiAaPQ
|c MiAaPQ
|d MiAaPQ
|
| 043 |
|
|
|a a-tu---
|
| 050 |
|
4 |
|a HD8039.D52
|b T926 2001
|
| 082 |
0 |
4 |
|a 331.4/8164046/09563
|2 21
|
| 100 |
1 |
|
|a Ozyegin, Gul,
|d 1955-
|
| 245 |
1 |
0 |
|a Untidy gender
|h [electronic resource] :
|b domestic service in Turkey /
|c Gul Ozyegin.
|
| 260 |
|
|
|a Philadelphia :
|b Temple University Press,
|c 2001.
|
| 300 |
|
|
|a xi, 276 p. :
|b ill.
|
| 490 |
1 |
|
|a Women in the political economy
|
| 504 |
|
|
|a Includes bibliographical references (p. 247-263) and index.
|
| 533 |
|
|
|a Electronic reproduction. Ann Arbor, MI : ProQuest, 2015. Available via World Wide Web. Access may be limited to ProQuest affiliated libraries.
|
| 650 |
|
0 |
|a Household employees
|z Turkey
|z Ankara.
|
| 650 |
|
0 |
|a Women
|x Employment
|z Turkey
|z Ankara.
|
| 650 |
|
0 |
|a Social classes
|z Turkey
|z Ankara.
|
| 655 |
|
4 |
|a Electronic books.
|
| 710 |
2 |
|
|a ProQuest (Firm)
|
| 830 |
|
0 |
|a Women in the political economy.
|
| 856 |
4 |
0 |
|u https://ebookcentral.proquest.com/lib/matrademy/detail.action?docID=534268
|z Click to View
|